000
00288nam a22001097a 4500
999
_c
168362
_d
168362
082
_a
_b
100
_a
Soorya Kamtha Ajmera
245
_a
Varthman parivesh meim bhakti kavya ki prasangikta/
_c
by Soorya Kamtha Ajmera.
260
_a
New Delhi:
_b
Vikas,
_c
2002.
650
_a
942
_c
BK